000 00201 a2200097 4500
001 3950
100 _aLass, H
245 _aVector & tensor analysis
260 _a
_bMcgrawhill
_c
090 _c3180
_d3180
942 _aNUST-CAE
_cM
_c24225
999 _c239023
_d239023